Statistics for 中国足球顶级联赛冠军球队(1954-2023)

Click here to take the quiz!

General Stats

  • This quiz has been taken 154 times
  • The average score is 40 of 50

Answer Stats

赛季冠军% Correct
2011中超联赛广州恒大
99%
2016中超联赛广州恒大淘宝
99%
2013中超联赛广州恒大
99%
2014中超联赛广州恒大
99%
2015中超联赛广州恒大淘宝
99%
2012中超联赛广州恒大
99%
2017中超联赛广州恒大淘宝
99%
2019中超联赛广州恒大淘宝
99%
1995甲A联赛上海申花
98%
1961甲级联赛上海一队
98%
1962甲级联赛上海
98%
1984甲级联赛北京
97%
2009中超联赛北京国安
97%
1963全国联赛北京青年
97%
1973全国联赛北京
97%
1982甲级联赛北京
97%
1999甲A联赛山东鲁能泰山
96%
2021中超联赛山东泰山
96%
2010中超联赛山东鲁能泰山
96%
2008中超联赛山东鲁能泰山
96%
2006中超联赛山东鲁能泰山
96%
2020中超联赛江苏苏宁易购
91%
2023中超联赛上海海港
85%
2018中超联赛上海上港
85%
1994甲A联赛大连万达
83%
1997甲A联赛大连万达
83%
1996甲A联赛大连万达
83%
1998甲A联赛大连万达
83%
2005中超联赛大连实德
83%
2000甲A联赛大连实德
83%
2001甲A联赛大连实德
83%
2002甲A联赛大连实德
83%
2004中超联赛深圳健力宝
77%
2022中超联赛武汉三镇
76%
1978甲级联赛辽宁
64%
1992甲A联赛辽宁东药
64%
1991甲A联赛辽宁东药
64%
1990甲A联赛辽宁东药
64%
1988甲级联赛辽宁东药
64%
1987甲A联赛辽宁东药
64%
1985甲级联赛辽宁东药
64%
1960甲级联赛天津
61%
1980甲级联赛天津
61%
2007中超联赛长春亚泰
60%
1977全国联赛八一
46%
1974全国联赛八一
46%
1986甲级联赛八一
46%
1981甲级联赛八一
46%
1979甲级联赛广东
37%
1965甲级联赛吉林
31%

Score Distribution

Percentile by Number Answered

Percent of People with Each Score

Your Score History

You have not taken this quiz